00526nam a2200181 a 45000010005000000030009000050080041000140400028000550820016000831000026000992450042001252600076001673000009002434900035002526500028002879420012003159990017003277146CO-ViMGA141112s2004 ck r 000 u spa d aCO-ViMGAbspacCO-ViMGA04a320.1 M654f1 aMolina, Gerardo9521410aLa formación del estado en colombia aSantafé de Bogotá : bUniversidad del Externado de Colombia, c1994 a93 p aTemas de derecho público, 3614aESTADO - COLOMBIA95215 2ddccBK c19111d19111